Bilecik Bilecik Bilecik Bilecik Bilecik

Turkish plastic arts/ (Record no. 30648)

MARC details
000 -BAŞLIK
Sabit Uzunluktaki Kontrol Alanı 01323nam a22004097a 4500
001 - KONTROL NUMARASI
Control Dosyası 0030728
003 - KONTROL NUMARASI KİMLİĞİ
Kontrol Alanı KOHA_MİRAKIL
005 - EN SON İŞLEM TARİHİ ve ZAMANI
Kontrol Alanı 20260207002739.0
007 - FİZİKSEL TANIM SABİT ALAN - GENEL BİLGİ
Sabit uzunluklu kontrol alanı ta
008 - SABİT UZUNLUKTAKİ VERİ ÖGELERİ - GENEL BİLGİ
Sabit Alan 110706b2009 tu a|||gr||||#||||0|eng |
020 ## - ISBN - ULUSLARARASI STANDART KİTAP NUMARASI
Isbn 9789751733726
Kullanılabilirlik koşulları 12
040 ## - KATALOGLAMA KAYNAĞI
Özgün Kataloglama Kurumu TR-BiSEU
Kataloglama Dili tur
Çeviri Kurumu TR-BiSEU
Açıklama Kuralları rda
041 0# - DİL KODU
Metin ya da ses kaydının dil kodu eng
044 ## - YAYINLAYAN/ÜRETEN KURULUŞUN ÜLKE KODU
ISO country code tu
050 ## - SINIFLAMA ve YER NUMARASI
Sınıflama Numarası N7168
Yer Numarası .E77 2009
100 1# - KİŞİ ADI
Yazar Adı (Kişi adı) Ersoy, Ayla.
245 1# - ESER ADI BİLDİRİMİ
Başlık Turkish plastic arts/
Sorumluluk Bildirimi Ayla Ersoy ; Ayla Ersoy.
264 #1 - ÜRERİM, YAYIN, DAĞITIM ve TELİF BİLDİRİMİ
Yayın yeri Ankara :
Yayınlayan Republic of Turkey, Ministry of Culture and Tourism
Yayın tarihi 2009
300 ## - FİZİKSEL TANIMLAMA
Sayfa, Cilt vb. 200 sayfa :
Diğer fiziki detaylar res. ;
Boyutları 20 cm.
336 ## - İÇERİK TÜRÜ
Content type term metin
Content type code txt
Source rdacontent
337 ## - MEDYA TÜRÜ
Media type term aracısız
Media type code n
Source rdamedia
338 ## - TAŞIYICI TÜRÜ
Carrier type term cilt
Carrier type code nc
Source rdacarrier
490 1# - DİZİ BİLDİRİMİ
Dizi Bildirimi Republic of Turkey.
490 1# - DİZİ BİLDİRİMİ
Dizi Bildirimi Ministry of Culture and Tourism.
490 1# - DİZİ BİLDİRİMİ
Dizi Bildirimi General Directorate of Libraries and Publications ;
Cilt Numarası 3162.
490 1# - DİZİ BİLDİRİMİ
Dizi Bildirimi Handbook series ;
Cilt Numarası 3
500 ## - GENEL NOT
Genel Not Kaynakça var.
650 #0 - KONU BAŞLIĞI EK GİRİŞ - KONU TERİMİ
Konusal terim veya coğrafi ad Sanat, Modern.
9 (RLIN) 60548
650 #0 - KONU BAŞLIĞI EK GİRİŞ - KONU TERİMİ
Konusal terim veya coğrafi ad Arts, Modern.
9 (RLIN) 60549
650 #0 - KONU BAŞLIĞI EK GİRİŞ - KONU TERİMİ
Konusal terim veya coğrafi ad Sanat--Türkiye.
9 (RLIN) 60408
650 #0 - KONU BAŞLIĞI EK GİRİŞ - KONU TERİMİ
Konusal terim veya coğrafi ad Art--Turkey.
9 (RLIN) 20973
830 1# - SERİ EK GİRİŞİ - TEKBİÇİM ESER ADI
Tekbiçim Başlık Republic of Turkey.
9 (RLIN) 60550
830 1# - SERİ EK GİRİŞİ - TEKBİÇİM ESER ADI
Tekbiçim Başlık Ministry of Culture and Tourism.
9 (RLIN) 60551
830 1# - SERİ EK GİRİŞİ - TEKBİÇİM ESER ADI
Tekbiçim Başlık General Directorate of Libraries and Publications ;
Volume number/sequential designation 3162.
9 (RLIN) 60552
830 1# - SERİ EK GİRİŞİ - TEKBİÇİM ESER ADI
Tekbiçim Başlık Handbook series ;
Volume number/sequential designation 3
9 (RLIN) 60544
942 ## - EK GİRİŞ ÖGELERİ (KOHA)
Source of classification or shelving scheme Library of Congress Classification
Koha item type Book
Holdings
Materyal Türü Kalıcı Konum Mevcut Konum Raf Yeri Sınıflandırma Kaynağı Edinim Bilgisi Ana Konular Alt Konular Yer Numarası Demirbaş Numarası Fatura Tarihi Maliyet, Alış Fiyatı Maliyet, Yenileme Fiyatı Geri Çekilme Durumu Kayıp Durumu Hasarlı Durumu Kredi için değil Kayıt Tarih Toplam Ödünçverme Son Görülme Tarihi Son Kontrol Tarihi Genel / Bağış Notu
Book Prof. Dr. Azmi Özcan Kütüphanesi Prof. Dr. Azmi Özcan Kütüphanesi Uluğbey Salonu Library of Congress Classification Bağış GÜZEL SANATLAR Görsel Sanatlar N7168 .E77 2009 0030728 02/02/2026 12.00 12.00         06/07/2011   05/12/2024 05/12/2024 Kültür ve Turizm Bakanlığı